000 00510nam a2200145 a 4500
008 120416s0000 ||||||||||||||||| || u
020 _a0851571603
050 _aG 116 Bre
100 _aBrewer, James Gordon
245 1 4 _aThe literature of geography
246 _aa guide to its organisation and use
260 _aLondon
_bBingley
_c1973
350 _a0.00
995 _D0.00
_FCBU-MAIN LIBRARY (Kitwe)
_H1
_I3.75
_UAVAILABLE
_ZMain Library Open Access Collection
999 _c49358
_d49358